Guts and Blackpowder Items - Sudden Death - Statistics

General Stats
  • This quiz has been taken 629 times
  • The average score is 4 of 15
Answers on the Grid
Answers color-coded by a green-red scale on the quiz's grid according to % correct below.
Musket
Whip
Grapeshot
Officer's Pistol
Mallet
Nock Gun
Sapper's Supplies
Bayonet
Water Bucket
Box Of Medical Supplies
Minigun
Double Barrel Pistol
Stake
Hand Cannon
Baguette
Delicious Leg
Croissant Gun
Trowel
Sabre
Heavy Sabre
Holy Bread
Blessing
Torch
Bible
Blunderbuss
Steak
Light Sabre
Sword
Shrapnel Shot
Grenade
 
Answer Stats
Answer % Correct
Musket
47%
Nock Gun
30%
Grapeshot
28%
Sabre
26%
Blessing
24%
Grenade
24%
Blunderbuss
23%
Heavy Sabre
23%
Delicious Leg
22%
Water Bucket
22%
Double Barrel Pistol
20%
Stake
20%
Minigun
19%
Torch
19%
Baguette
17%
No matching quizzes found
Score Distribution
Percent of People with Each Score
Percentile by Number Answered
Your Score History
You have not taken this quiz